Normal view
MARC view
- Fenomenología del Conocimiento
Entry TÉRMINO TEMÁTICO
001 - NUMERO DE CONTROL DEL REGISTRO
- campo de control: 156473
003 - IDENTIFICADOR DEL NUMERO DE CONTROL
- campo de control: ES-SlBCS
005 - FECHA Y HORA DE LA ULTIMA TRANSACCION
- campo de control: 20210327224629.0
008 - ELEMENTOS DE LONGITUD FIJA
- campo de control de longitud fija: 210327|| aca||aabn | a|a d
040 ## - FUENTE DE LA CATALOGACION
- Agencia que crea de manera original el registro: ES-SlBCS
- Agencia que realiza la transcripción: ES-SlBCS
150 ## - ENCABEZAMIENTO - TEMÁTICO
- Encabezamiento temático: Fenomenología del Conocimiento
670 ## - FUENTE EN LA QUE SE LOCALIZARON DATOS
- Cita de la fuente: Work cat.: (ES-SlBCS)528096: Pitt, David 156472, The Phenomenology of Cognition Or What Is It Like to Think That P?
